LEADER 01067nam 2200361 4500 001 990000985370203316 010 $a3-540-64554-3 035 $a0098537 035 $aUSA010098537 035 $a(ALEPH)000098537USA01 035 $a0098537 100 $a20020225d1998----km-y0ENGy0103----ba 101 $aeng 102 $aDE 200 1 $aBrownian motion, obstacles and Random media$fAlain-Sol Sznitman 210 $aBerlin$cSpringer$dc1998 215 $aXVI, 353 p.$d24 cm 225 2 $aSpringer monographs in mathematics 410 $12001$aSpringer monographs in mathematics 606 $aMoto browniano 606 $aCampi Casuali 676 $a530.475 700 1$aSZNITMAN,$bAlain-Sol$0552964 801 0$aIT$bsalbc$gISBD 912 $a990000985370203316 951 $a530.475 SZN$b10443 ING$c530-475 959 $aBK 969 $aTEC 979 $aPATTY$b90$c20020225$lUSA01$h1413 979 $c20020403$lUSA01$h1740 979 $aPATRY$b90$c20040406$lUSA01$h1708 996 $aBrownian motion, obstacles and Random media$9975424 997 $aUNISA LEADER 00751nam0-22002531i-450- 001 990001146190403321 035 $a000114619 035 $aFED01000114619 035 $a(Aleph)000114619FED01 035 $a000114619 100 $a20000920d1985----km-y0itay50------ba 101 0 $aeng 200 1 $aNondifferentiable optimization$fby DEM Yanov and Vasil'ev 210 $aNew York [etc.]$cSpringer-Verlag$d1985 225 1 $aTranslations Series in Mathematics and Engineering 700 1$aDemjanov,$bVladimir Fedorovic$0368122 801 0$aIT$bUNINA$gRICA$2UNIMARC 901 $aBK 912 $a990001146190403321 952 $a113-B-14$b1890$fMA1 959 $aMA1 996 $aNondifferentiable optimization$9344618 997 $aUNINA DB $aING01 LEADER 02299oam 2200421 450 001 9910426039803321 005 20230607204556.0 010 $a3-96821-683-0 035 $a(CKB)4100000011608811 035 $a(oapen)https://directory.doabooks.org/handle/20.500.12854/51824 035 $a(EXLCZ)994100000011608811 100 $a20201208h20022002 |u| 0 101 0 $ager 135 $aur||#|||||||| 181 $ctxt$2rdacontent 182 $cc$2rdamedia 183 $acr$2rdacarrier 200 10$aLiterarische Selbstrefl exion im Medium der Liebe $eUntersuchungenzur Liebessemantik bei Rousseau und in der europäischen Romantik /$fThomas Klinkert 210 $cNomos Verlagsgesellschaft mbH & Co. KG$d2002 210 1$aFreiburg im Breisgau:$cRombach,$d2002. 210 4$d©2002 215 $a1 online resource (285 pages) $cdigital file(s) 225 1 $aRombach Wissenschaften : Reihe Litterae,$vBand 92 311 08$aPrint version (paperback): 9783793093084 3793093085 320 $aIncludes bibliographical references and index. 330 $aDie These dieses Buches ist, dass die Literatur, die sich bekanntlich im späten 18. Jh. zu einem autonomen Funktionsbereich ausdifferenziert, durch den Entwurf von neuartigen Liebesmodellen nicht nur einen wichtigen Beitrag zur Evolution der gesellschaftlich sanktionierten Rede über Liebe (Liebessemantik im Sinne von Luhmann) leistet, sondern dass sie im Medium der Liebe zugleich sich selbst thematisiert. Liebe wird zur Metapher bzw. Metonymie für Literatur und umgekehrt. Die These wird durch die eingehende Analyse von Texten Jean-Jacques Rousseaus, Friedrich Hölderlins, Ugo Foscolos, Madame de Staëls und Giacomo Leopardis untermauert. Ein wichtiger Ertrag dieser vergleichenden Untersuchung ist der Nachweis einer gesamteuropäischen Gemeinsamkeit der literarischen Rede über Liebe um 1800. 410 0$aRombach Wissenschaften : Reihe Litterae,$vBand 92. 606 $aLove in literature 606 $aRomanticism 615 0$aLove in literature 615 0$aRomanticism 676 $a809.93354309034 700 $aKlinkert$b Thomas$0790169 801 2$bUkMaJRU 906 $aBOOK 912 $a9910426039803321 996 $aLiterarische Selbstrefl exion im Medium der Liebe$92110103 997 $aUNINA